| 000 | 00840nam a22002057a 4500 | ||
|---|---|---|---|
| 999 |
_c9890 _d9890 |
||
| 003 | AR-CdUCM | ||
| 008 | 190328b ||||| |||| 00| 0 spa d | ||
| 040 |
_aMUNICIPALIDAD PROVINCIAL DEL CUSCO _cBIBLIOTECA MUNICIPAL DEL CUSCO |
||
| 082 |
_a341 / _bEB12 / 1947 |
||
| 100 |
_aEbenstein, William _96407 |
||
| 245 | _aLa Teoría Pura del Derecho / | ||
| 260 |
_aMéxico : _bFondo de Cultura Económica ; _c1947. |
||
| 300 |
_a241 páginas ; _c21cm |
||
| 500 | _aSección de obras de Ciencia Política | ||
| 505 | _aContenido: Bases filosóficas de la teoría -- Naturaleza, derecho y sociedad -- Derecho natural y positivismo jurídico -- La unidad del derecho -- Consecuencias de una teoría de la "gradación" del derecho... | ||
| 650 |
_aDerecho _9739 |
||
| 650 |
_aPositivismo jurídico _926415 |
||
| 942 |
_2ddc _cLIBROS |
||
| 945 | _anom | ||